| 000 | 00680nam a22002297a 4500 | ||
|---|---|---|---|
| 003 | UA-OsUOA | ||
| 001 | 35921 | ||
| 007 | ta | ||
| 008 | 20051228b un ||||| |||| 00| 0 ukr d | ||
| 090 |
_a37(031) _bП24 |
||
| 942 | _cBK | ||
| 040 |
_aUA-OsUOA _brus _cUA-OsUOA _dUA-OsUOA |
||
| 245 |
_aПедагогический энциклопедический словарь _cБим-Бад Б. М. |
||
| 300 | _a528 с. | ||
| 955 | _a2 | ||
| 041 | _arus | ||
| 080 | _a37(031) | ||
| 020 | _a5-7107-7304-2 | ||
| 260 |
_aМ. _bНаучное издательство _c2003 |
||
| 650 | 7 |
_a37 Освіта. Виховання. Навчання. Дозвілля _2UDC |
|
| 999 |
_c322226 _d322226 |
||